| 000 | 00537nam a2200181 a 4500 | ||
|---|---|---|---|
| 001 | 1281 | ||
| 003 | CDMR | ||
| 005 | 20131014115042.0 | ||
| 008 | 130130s1965||||||||||||||||||||||||||||d | ||
| 040 |
_aCDMR _bcat _cCDMR |
||
| 100 | 1 |
_aAltabella Hernández, José _912 |
|
| 245 | 1 | 0 |
_aFaro de Vigo y su proyección histórica _cJosé altabella y Francisco Leal Insua |
| 260 |
_aMadrid _c1965 _bHéroes |
||
| 300 | _a145 p. | ||
| 490 | 0 |
_aTierra, Historia y Política _vSerie Historia |
|
| 700 | 1 |
_94045 _aLeal Insua, Francisco |
|
| 942 |
_cMON _2udc |
||
| 999 |
_c1281 _d1281 |
||